000
00295 a2200145 4500
001
168767
020
_a
040
_c
Magnum
100
_a
-
240
1
0
_a
La bruja cascarrabias
_l
ESP
245
1
0
_a
La bruja cascarrabias
362
0
_a
1899
697
_a
LITERATURA ESTRANGEIRA
942
_c
BK
999
_c
168767
_d
168767